00890njm a22002537a 45000050016000000070015000160080041000310280029000720280016001010350013001170400012001301000022001422450110001642460077002742600038003513000048003895000017004375050101004546500037005557000023005927000015006157000003006307100003006332010090903563.0sd ammalaaahaa100901t xxu||||| |||| 00| 0 hin d aN. 2392 287bMusic India bMusic India aGR-03514 aSED/VEN aMangeshkar, Lata  aAakhri mujra /cby Lata mangeshkar; music by kalyan ji and anand ji ; lyrics Indiwarh[sound recording] : aआखिरि मुजरा /लता mangeshkar द्वारा aDum Dum, IndiabMusic Indiac1966 a1 sound disc :banalog, 33 1/3 rpm c10 in.G aBrief record aSide-१ Tumhare khawab sajane ko (Lata mangeshkar) Side-2 Mori nathni jhoole re(Aha bhosle) aClassical musicxExcerptszIndia aKalyan ji anand ji aKaifi Azmi